| 000 | 01421nam a2200289 a 4500 | ||
|---|---|---|---|
| 001 | 000024247 | ||
| 005 | 20200930022838.0 | ||
| 008 | 110125s1997 mx r 000 | spa d | ||
| 020 | _a9701800990 | ||
| 040 |
_aDO-SdBNP _bspa _cBNPHU |
||
| 082 |
_aM868.44 _bM611p |
||
| 245 | 0 | 4 |
_aLos mexicanos pintados por sí mismos : _bselección / _cHilarión Frías y Soto ... [et al.]. |
| 260 |
_aMéxico, D.F. : _bConsejo Nacional para la Cultura y las Artes, _c1997. |
||
| 300 |
_a150 p. ; _c21 cm. |
||
| 490 | 1 |
_aClásicos para Hoy _v18 |
|
| 505 | 0 |
_tEl aguador _rHilarión Frías y Soto _tEl evangelista _rJuan de Dios Arias _tLa china _rJosé María Rivera _tEl ministro _rJuan de Dios Arias _tLa coqueta _rIgnacio Ramírez _tEl cochero _rHilarión Frías y Soto _tEl sereno _rJosé María Rivera _tLa recamarera. _rPantaleón Tovar _tEl vendutero. _rJosé María Rivera _tEl abogado. _rIgnacio Ramírez _tLa estanquillera _rIgnacio Ramírez _tEl maestro de escuela. _rJosé María Rivera _tLa partera _rJuan de Dios Arias |
|
| 650 | 4 |
_aLiteratura mexicana _xColección de escritos _949776 |
|
| 650 | 4 |
_aCuentos mexicanos _911371 |
|
| 650 | 4 |
_aLiteratura mexicana _91922 |
|
| 700 | 1 |
_aFrías y Soto, Hilarión _949777 |
|
| 700 | 1 |
_aDios Arias, Juan de _949778 |
|
| 700 | 1 |
_aRivera , José María _949779 |
|
| 700 | 1 |
_aRamírez, Ignacio _949780 |
|
| 700 | 1 |
_aTovar, Pantaleón _949781 |
|
| 830 | 0 |
_aClásicos para Hoy _v18 _928953 |
|
| 049 | _aBNGR | ||
| 999 |
_c23741 _d23741 |
||